[Event "POL-ch Universities (Women)"]
[Site "Lublin"]
[Date "2024.02.23"]
[Round "4"]
[White "Lascar, Radoslawa"]
[Black "Cieslak, Wiktoria"]
[Result "0-1"]
[WhiteElo "1804"]
[BlackElo "1868"]
[PlyCount "48"]
[EventDate "2024.02.22"]
[EventType "swiss"]
[EventRounds "9"]
[EventCountry "POL"]
[SourceTitle "CB10_2024"]
[SourceDate "2024.03.06"]
[SourceVersion "1"]
[SourceVersionDate "2024.03.06"]
[SourceQuality "1"]

1. e4 c5 2. Nf3 d6 3. d4 cxd4 4. Nxd4 Nf6 5. Nc3 a6 6. Bc4 e6 7. Bb3 Be7 8. g4 Nc6 9. Be3 Nxd4 10. Bxd4 e5 11. Be3 Bxg4 12. f3 Be6 13. Nd5 Nxd5 14. Bxd5 Qc7 15. c3 Rc8 16. Qb3 Bxd5 17. Qxd5 Qc6 18. Qb3 b5 19. a4 bxa4 20. Rxa4 0-0 21. h4 Rb8 22. Qa2 Rxb2 23. Qxb2 Qxa4 24. Rg1 Bxh4+ 0-1

[Event "POL-ch Academic (Women)"]
[Site "Chorzow"]
[Date "2022.04.02"]
[Round "6"]
[White "Antolak, Julia"]
[Black "Cieslak, Wiktoria"]
[Result "1-0"]
[WhiteElo "2115"]
[BlackElo "1938"]
[PlyCount "101"]
[EventDate "2022.04.01"]
[EventType "swiss (rapid)"]
[EventRounds "9"]
[EventCountry "POL"]
[SourceTitle "EXT 2024"]
[Source "ChessBase"]
[SourceDate "2023.10.10"]
[SourceVersion "1"]
[SourceVersionDate "2023.10.10"]
[SourceQuality "1"]

1. e4 c5 2. Nc3 Nc6 3. Bb5 e6 4. Nf3 Nd4 5. Bc4 a6 6. a4 Be7 7. d3 d6 8. Be3 Nc6 9. 0-0 Nf6 10. d4 cxd4 11. Nxd4 0-0 12. h3 Bd7 13. Bb3 Rc8 14. f4 Na5 15. Ba2 Nc4 16. Bxc4 Rxc4 17. a5 e5 18. fxe5 dxe5 19. Nf3 Nxe4 20. Nxe5 Nxc3 21. bxc3 Rc7 22. Bb6 Bb5 23. Qxd8 Bxd8 24. Bxc7 Bxc7 25. Rfe1 f6 26. Nf3 Bd6 27. Nd4 Bc4 28. Rad1 Bc5 29. Kh1 Kf7 30. Nb3 Ba3 31. Rd7+ Kg6 32. Rxb7 Rc8 33. Re3 Rd8 34. Nd4 Rd5 35. Rg3+ Rg5 36. Rxg5+ fxg5 37. Rc7 Bd5 38. c4 Be4 39. c5 Bb2 40. Rd7 Bc3 41. c6 Bxa5 42. c7 Bb7 43. Nc6 Bb6 44. Ne7+ Kh5 45. c8Q Bxc8 46. Nxc8 Bc5 47. Rxg7 a5 48. g4+ Kh4 49. Kg2 h6 50. Rh7 Bf8 51. Ne7 1-0

[Event "POL-ch Academic (Women)"]
[Site "Chorzow"]
[Date "2022.04.01"]
[Round "5"]
[White "Cieslak, Wiktoria"]
[Black "Sliwicka, Alicja"]
[Result "1/2-1/2"]
[WhiteElo "1938"]
[BlackElo "2130"]
[PlyCount "122"]
[EventDate "2022.04.01"]
[EventType "swiss (rapid)"]
[EventRounds "9"]
[EventCountry "POL"]
[SourceTitle "EXT 2024"]
[Source "ChessBase"]
[SourceDate "2023.10.10"]
[SourceVersion "1"]
[SourceVersionDate "2023.10.10"]
[SourceQuality "1"]

1. e4 c5 2. Nf3 d6 3. d4 cxd4 4. Nxd4 Nf6 5. Nc3 Bd7 6. Bg5 e6 7. f4 Qb6 8. Qd2 a6 9. 0-0-0 Nc6 10. Nb3 Qc7 11. Kb1 Be7 12. Be2 b5 13. Bxf6 gxf6 14. Bxb5 axb5 15. Nxb5 Qb8 16. Nxd6+ Bxd6 17. Qxd6 Qxd6 18. Rxd6 Ke7 19. Rhd1 Rhd8 20. Nc5 Be8 21. Rxd8 Rxd8 22. Rxd8 Kxd8 23. c3 Nb8 24. Kc2 Bb5 25. a4 Bf1 26. g3 Nd7 27. Nb3 Kc7 28. Nd2 Bh3 29. b4 f5 30. Kb3 fxe4 31. Nxe4 Bf5 32. Ng5 f6 33. Nf3 e5 34. fxe5 fxe5 35. a5 Bd3 36. Ne1 Be4 37. c4 Kc6 38. Kc3 Nf8 39. Nd3 Nd7 40. Nf2 Bf3 41. Kd2 Bh5 42. Nd3 Bf7 43. Kc3 e4 44. Nf4 Ne5 45. Kd4 Nxc4 46. Kxe4 Kb5 47. Nd5 Nd2+ 48. Kd4 Nf3+ 49. Ke4 Nxh2 50. Ke5 Nf3+ 51. Kd6 Ng5 52. Nc7+ Kxb4 53. a6 Ne4+ 54. Kc6 Bh5 55. a7 Nf6 56. a8Q Bf3+ 57. Kd6 Bxa8 58. Nxa8 Ne4+ 59. Ke5 Nxg3 60. Kf4 Ne2+ 61. Kg5 Kb5 1/2-1/2

[Event "POL-chT 2nd League"]
[Site "Sypniewo"]
[Date "2021.09.09"]
[Round "6.6"]
[White "Zarebska, Lena"]
[Black "Cieslak, Wiktoria"]
[Result "1/2-1/2"]
[WhiteElo "1910"]
[BlackElo "1915"]
[PlyCount "64"]
[EventDate "2021.09.04"]
[EventType "team-swiss"]
[EventRounds "9"]
[EventCountry "POL"]
[SourceTitle "CBM 204 Extra"]
[Source "ChessBase"]
[SourceDate "2021.11.30"]
[SourceVersion "1"]
[SourceVersionDate "2021.11.30"]
[SourceQuality "1"]
[WhiteTeam "Olsztyn Trzydziestka"]
[BlackTeam "Grudziadz Rotmistrz"]
[WhiteTeamCountry "POL"]
[BlackTeamCountry "POL"]

1. e4 c5 2. Nf3 d6 3. d4 cxd4 4. Nxd4 Nf6 5. Nc3 a6 6. h4 h5 7. Bg5 e6 8. Bc4 Be7 9. Bb3 b5 10. a3 Ng4 11. Bxe7 Qxe7 12. Qd2 0-0 13. 0-0-0 Rd8 14. f3 Ne5 15. g4 hxg4 16. fxg4 Bb7 17. g5 Nbc6 18. Nxc6 Bxc6 19. Qf4 a5 20. a4 bxa4 21. Nxa4 Bxa4 22. Bxa4 Qb7 23. Rd4 Ng6 24. Qd2 Rab8 25. b3 e5 26. Rxd6 Rxd6 27. Qxd6 Rc8 28. Qd5 Qb4 29. Qd7 Qc3 30. Rh2 Qa1+ 31. Kd2 Qc3+ 32. Kc1 Qa1+ 1/2-1/2

[Event "Rubinstein Memorial op-D 57th"]
[Site "Polanica Zdroj"]
[Date "2021.08.17"]
[Round "4"]
[White "Kasprzak, Lukasz"]
[Black "Cieslak, Wiktoria"]
[Result "1-0"]
[WhiteElo "1627"]
[BlackElo "1946"]
[PlyCount "155"]
[EventDate "2021.08.14"]
[EventType "swiss"]
[EventRounds "9"]
[EventCountry "POL"]
[SourceTitle "CBM 204 Extra"]
[Source "ChessBase"]
[SourceDate "2021.11.30"]
[SourceVersion "1"]
[SourceVersionDate "2021.11.30"]
[SourceQuality "1"]

1. d4 Nf6 2. c4 e6 3. Nc3 b6 4. Bg5 Be7 5. f3 d5 6. e3 Nbd7 7. Nge2 Bb7 8. Bh4 0-0 9. cxd5 exd5 10. Bf2 Bb4 11. a3 Bxc3+ 12. Nxc3 Qe7 13. Bd3 c5 14. 0-0 Rfe8 15. Qd2 a6 16. b3 Rac8 17. Rfc1 g6 18. Qb2 Rc6 19. b4 cxd4 20. exd4 b5 21. Re1 Qf8 22. a4 Rec8 23. Rec1 bxa4 24. b5 axb5 25. Bxb5 Re6 26. Bxd7 Nxd7 27. Qxb7 Nb6 28. Qa6 Rec6 29. Qd3 Qb4 30. Be1 a3 31. Rcb1 Qe7 32. Rxb6 Rxb6 33. Nxd5 Qd6 34. Nxb6 Qxb6 35. Qxa3 Qxd4+ 36. Bf2 Qd2 37. Qe3 Qb2 38. Re1 Rd8 39. Bh4 Rc8 40. Re2 Qa1+ 41. Kf2 h5 42. Bg5 Ra8 43. Qe5 Qxe5 44. Rxe5 Kg7 45. Re2 Ra7 46. Be3 Rd7 47. Rd2 Rc7 48. h4 Kf6 49. Bg5+ Ke6 50. Re2+ Kf5 51. Ra2 Rc6 52. Ra5+ Ke6 53. Be3 f6 54. Rb5 Rc4 55. Kg3 Ra4 56. Bc1 Ra6 57. Be3 Ra4 58. Rb6+ Kf7 59. Bc1 Ra5 60. Bb2 Rf5 61. Rb7+ Ke6 62. Rb6+ Kf7 63. Kf2 g5 64. hxg5 fxg5 65. Ke3 Ra5 66. Ke4 g4 67. fxg4 hxg4 68. g3 Ra4+ 69. Kf5 Rc4 70. Rb7+ Kf8 71. Be5 Rc5 72. Rb4 Rd5 73. Rxg4 Ra5 74. Rc4 Ke7 75. g4 Kf7 76. g5 Kg8 77. Rc8+ Kf7 78. g6+ 1-0

[Event "POL-chT Academic"]
[Site "Chorzow"]
[Date "2021.05.15"]
[Round "5.22"]
[White "Choina, Adam"]
[Black "Cieslak, Wiktoria"]
[Result "1-0"]
[WhiteElo "1906"]
[BlackElo "1997"]
[PlyCount "87"]
[EventDate "2021.05.15"]
[EventType "team-swiss (rapid)"]
[EventRounds "9"]
[EventCountry "POL"]
[SourceTitle "CBM 202 Extra"]
[Source "ChessBase"]
[SourceDate "2021.07.31"]
[SourceVersion "1"]
[SourceVersionDate "2021.07.31"]
[SourceQuality "1"]
[WhiteTeam "Krakow Jagiellonski Univ"]
[BlackTeam "Katowice Slaski Univ"]
[WhiteTeamCountry "POL"]
[BlackTeamCountry "POL"]

1. e4 c5 2. Nf3 d6 3. d4 cxd4 4. Nxd4 Nf6 5. Nc3 a6 6. Bg5 Nbd7 7. f4 Qc7 8. Qf3 h6 9. Bxf6 Nxf6 10. h3 e5 11. Nde2 Be7 12. 0-0-0 b5 13. g4 Bb7 14. Ng3 Rc8 15. Rh2 b4 16. Nd5 Nxd5 17. exd5 exf4 18. Nf5 0-0 19. Nxe7+ Qxe7 20. Qxf4 Rc5 21. Qxb4 Bxd5 22. Rhd2 Bf3 23. Rxd6 Bxd1 24. Qxc5 Bf3 25. Qb4 Re8 26. b3 Qe1+ 27. Qxe1 Rxe1+ 28. Kb2 Rxf1 29. Rxa6 Rh1 30. a4 Rxh3 31. a5 Rh2 32. Ra7 Bxg4 33. b4 h5 34. b5 Re2 35. b6 Bf3 36. a6 Re6 37. b7 Kh7 38. b8Q h4 39. Qf4 Rb6+ 40. Kc1 Bd5 41. Qxh4+ Rh6 42. Qg5 Be6 43. Rc7 Rh1+ 44. Kb2 1-0

[Event "POL-ch blitz (Women)"]
[Site "Bydgoszcz"]
[Date "2020.12.12"]
[Round "10"]
[White "Kiolbasa, Oliwia"]
[Black "Cieslak, Wiktoria"]
[Result "1-0"]
[WhiteElo "2260"]
[BlackElo "2008"]
[PlyCount "106"]
[EventDate "2020.12.12"]
[EventType "swiss (blitz)"]
[EventRounds "11"]
[EventCountry "POL"]
[SourceTitle "CBM 199 Extra"]
[Source "ChessBase"]
[SourceDate "2021.01.31"]
[SourceVersion "1"]
[SourceVersionDate "2021.01.31"]
[SourceQuality "1"]

1. e4 c5 2. Nf3 d6 3. d4 cxd4 4. Nxd4 Nf6 5. Nc3 a6 6. Be2 e5 7. Nb3 Be6 8. 0-0 Be7 9. Qd3 0-0 10. Bd2 Nc6 11. Nd5 b5 12. a4 bxa4 13. Rxa4 Bxd5 14. exd5 Nb8 15. Qg3 Qc7 16. Bh6 Ne8 17. Rc4 Qb6 18. Rg4 Bf6 19. Bd3 Kh8 20. Qh3 g6 21. Bxf8 Nd7 22. Bh6 Bg7 23. Bxg7+ Kxg7 24. Qe3 Qc7 25. f4 Nef6 26. Rh4 exf4 27. Rhxf4 Re8 28. Qf2 Qd8 29. Nd4 Nxd5 30. Rxf7+ Kg8 31. Qf3 Ne7 32. Ne6 Qb6+ 33. Qf2 Qxf2+ 34. R7xf2 Nd5 35. Nf4 Nxf4 36. Rxf4 Ne5 37. Rd4 Rd8 38. Rf6 Nf7 39. Bc4 Rd7 40. Bxf7+ Rxf7 41. Rxf7 Kxf7 42. Rxd6 a5 43. Ra6 Ke7 44. Rxa5 h5 45. Rc5 Kd6 46. b4 g5 47. Rxg5 Kc6 48. b5+ Kb6 49. c4 Kb7 50. c5 Kc7 51. b6+ Kc6 52. Rg6+ Kxc5 53. b7 Kd5 1-0